|
|
|
|
| LEADER |
00000nab a2200000 a 4500 |
| 001 |
vtls000863357 |
| 003 |
SK-MaSNL |
| 005 |
20260426100813.0 |
| 008 |
250429c2003 xo 0 slo |
| 015 |
|
|
|a SNBRB2004/02-05666
|
| 035 |
|
|
|a CLN000214919
|
| 035 |
|
|
|a urn:nbn:sk:snk-aba7d8
|
| 035 |
|
|
|a (urnnbn)urn:nbn:sk:snk:ar-a09j8r
|
| 035 |
|
|
|a (uuid)b390ea90-a742-4d73-b092-e4fc5b491940
|
| 040 |
|
|
|a SNKBUCL
|b slo
|c SNKBUCL
|e AACR2
|
| 041 |
0 |
|
|a slo
|
| 044 |
|
|
|a xo
|c SK
|
| 080 |
|
|
|a 94(=161)(437.6):902
|2 1997
|
| 080 |
|
|
|a 94(437.6)(=161):902
|2 1997
|
| 080 |
|
|
|a 902.2(437.6)
|2 1997
|
| 100 |
1 |
|
|a Fusek, Gabriel,
|d 1957-
|4 aut
|9 102681
|
| 245 |
1 |
0 |
|a Príspevok do diskusie o počiatkoch slovanského osídlenia Slovenska
|c Gabriel Fusek, Jozef Zábojník
|
| 300 |
|
|
|b Mp.
|
| 504 |
|
|
|a Res. angl.
|
| 504 |
|
|
|a Bibliogr. odkazy
|
| 650 |
0 |
7 |
|a slovanské osídlenie
|2 snkbucl
|9 310233
|
| 650 |
0 |
7 |
|a Slovania
|2 snkbucl
|9 18587
|
| 651 |
|
7 |
|a Slovensko
|2 snkbucl
|9 14231
|
| 655 |
|
7 |
|a články z novín a časopisov
|2 snkbucl
|9 267496
|
| 700 |
1 |
|
|a Zábojník, Jozef,
|d 1952-
|4 aut
|9 5551
|
| 773 |
0 |
|
|t Slovenská archeológia
|g Roč. 51, č. 2 (2003), s. 319-340
|x 1335-0102
|
| 850 |
|
|
|a Slovenská národná knižnica
|
| 852 |
|
|
|a Slovenská národná knižnica
|
| 954 |
|
|
|a odborná, vedecká literatúra pôvodná (slovenská)
|2 lita
|
| 958 |
|
|
|a article13
|
| 958 |
|
|
|a NB
|
| 958 |
|
|
|a SS
|
| 958 |
|
|
|a OND
|
| 958 |
|
|
|a EUIPO
|
| 992 |
|
|
|a RBX
|
| 999 |
|
|
|c 3208431
|d 3210361
|